=LDR 00000nam 2200000 4500 =001 INLIS000000000019983 =005 20130612115002 =008 ***********************************Ind** =035 ##$$0010-061300000019983 =041 ##$$a Ind =082 ##$$a 372.6 =090 ##$$a 372.6, Dar e =100 ##$$a Darjowojoyo, Sunyono =245 ##$$a Echa, kisah pemerolehan bahasa anak Indonesia, Soejono Darwidjojo =260 ##$$a 2000 $b Jakarta =300 ##$$a xxiv, 342 hlm, ilus, 23 cm =650 ##$$a Anak bahasa =850 ##$$a NBPNMAT =990 ##$$a 0001/BPAP-NTB/20142015 =990 ##$$a 1310813108 =990 ##$$a 20613245 =990 ##$$a 0001/BPAP-NTB/20142015